Minecraft End City Loot- Sudden Death - Statistics

General Stats
  • This quiz has been taken 120 times
  • The average score is 2 of 15
Answers on the Grid
Answers color-coded by a green-red scale on the quiz's grid according to % correct below.
Beetroot
Beetroot seeds
Block of gold
Book
Bread
Diamond
Diamond horse armor
Diamond sword
Emerald
Enchanted book
Enchanted diamond chestplate
Enchanted diamond hoe
Enchanted diamond shovel
Enchanted iron boots
Enchanted iron helmet
Enchanted iron hoe
Enchanted iron shovel
End rod
End stone
Ender pearl
Eye armor trim smithing template
Gold ingot
Golden horse armor
Iron horse armor
Iron ingot
Lapis lazuli
Leather
Music disc (otherside)
Saddle
Spire armor trim smithing template
 
Answer Stats
Answer % Correct
Beetroot seeds
66%
Diamond
63%
Diamond horse armor
25%
Emerald
13%
Enchanted diamond chestplate
13%
Enchanted iron boots
9%
Enchanted diamond shovel
6%
Enchanted iron shovel
6%
Spire armor trim smithing template
6%
Enchanted iron helmet
3%
Gold ingot
3%
Iron ingot
3%
Golden horse armor
0%
Iron horse armor
0%
Saddle
0%
No matching quizzes found
Score Distribution
Percent of People with Each Score
Percentile by Number Answered
Your Score History
You have not taken this quiz